00532nam a2200157 i 4500001000300000100002000003245011100023250001500134260005100149300001100200040000800211041000800219080000800227008004100235856009800276bg1 aFELLER, William 0aWstęp do rachunku prawdopodobieństwa /cWilliam Feller ; [tł. z ang. R. Bartoszyński, B. Bielecki]. aWyd. 3 zm. aWarszawa :bPaństwowe Wydaw. Naukowe,c1977. a420 s. cBPK apol a519 s pl f |000 0 pol  uhttp://koha.tu.koszalin.pl/cgi-bin/koha/opac-detail.pl?biblionumber=27879yKatalog online BPK